00329nam a2200133 450000500170000010000290001724500180004626400260006430000180009033600220010833700240013033800240015499900170017820260530113907.01 aAlejandro Asencio93293410aStorage Areas 1bParragon Books c2009 a238 páginas atexto2rdacontent asin medio2rdamedia avolumen2rdacarrier c11994d11994